| Поле | Название | Значение |
| |
Тип записи |
a |
| |
Библиографический уровень |
c |
| 001 |
Контрольный номер |
RU/SLIB/B/208741083 |
| 005 |
Дата корректировки |
20231227123519.3 |
| 010 |
Индекс ISBN |
__ |
| d |
Цена |
2-00 |
| 100 |
Данные общей обработки |
__ |
| a |
Данные общей обработки |
20220207d1988 m y0rusy028902 ca |
| 101 |
Язык документа |
0_ |
| a |
Язык текста |
rus |
| 102 |
Страна публикации |
__ |
| a |
Страна публикации |
RU |
| 105 |
Кодированные данные (монография) |
__ |
| a |
Кодированные данные (монография) |
y z 100yy |
| 181 |
Поле кодированных данных: вид содержания |
_0 |
| a |
Код вида содержания (ISBD) |
i |
| 182 |
Поле кодированных данных: тип средства |
_0 |
| a |
Код типа средства (ISBD) |
n |
| 200 |
Заглавие и сведения об ответственности |
0_ |
| a |
Заглавие |
Подстанции переменного тока |
| f |
Первые сведения об ответственности |
под ред. Г. К. Вишнякова |
| b |
Общее обозначение материала |
Текст |
| e |
Сведения, относящиеся к заглавию |
переводы докладов Международной конференции по большим электрическим системам (СИГРЭ-86) |
| 210 |
Выходные данные |
1_ |
| a |
Место издания |
М. |
| c |
Издательство |
Энергоатомиздат |
| d |
Дата издания |
1988 |
| 215 |
Физическое описание |
__ |
| a |
Объем |
160 с. |
| 601 |
Наименование организации как предмет |
02 |
| a |
Наименование организации как предмет |
Международная конференция по большим электрическим системам (СИГРЭ-86) |
| 2 |
Код системы |
nlr_sh |
| 606 |
Тематические рубрики |
__ |
| a |
Основная рубрика |
Энергетика |
| 2 |
Код системы |
nlr_sh |
| 606 |
Тематические рубрики |
__ |
| a |
Основная рубрика |
Электрические станции и подстанции |
| 2 |
Код системы |
nlr_sh |
| 610 |
Ключевые слова |
0_ |
| a |
Ключевые слова |
подстанции; переменный ток; конференции; доклады; электротехника |
| 686 |
Индексы других классификаций |
__ |
| a |
Классификационный индекс |
31.278 |
| 2 |
Код системы |
rubbks |
| 702 |
Вторичная интеллектуальная ответственность |
_1 |
| a |
Фамилия |
Вишняков |
| b |
Имя |
Г. К. |
| 4 |
Код отношения |
340 |
| g |
Полное личное имя |
Георгий Константинович |
| 801 |
Источник записи |
_0 |
| a |
Страна |
RU |
| b |
Организация |
Муниципальное бюджетное учреждение культуры "Централизованная библиотечная система" г. Сургут (Центральная городская библиотека им. А. С. Пушкина) |
| g |
Правила каталогизации |
PSBO |
| 801 |
Источник записи |
_1 |
| a |
Страна |
RU |
| b |
Организация |
Муниципальное бюджетное учреждение культуры "Централизованная библиотечная система" г. Сургут (Центральная городская библиотека им. А. С. Пушкина) |
| g |
Правила каталогизации |
PSBO |
| 852 |
Данные о местонахождении |
__ |
| j |
Шифр хранения |
31.278 |
| c |
Каталожный индекс |
31.278 |
| i |
Авторский знак |
П 44 |
| p |
Инвентарный номер |
36322 |
| 901 |
Тип документа |
__ |
| t |
Тип документа |
x |
| a |
Ответственный |
КиК/Елгина |
| 901 |
Тип документа |
__ |
| a |
Ответственный |
СКБР2024 |
| 903 |
Характеристики (МАРС) |
__ |
| c |
Наименование библиотеки (МАРС) |
Муниципальное бюджетное учреждение культуры "Централизованная библиотечная система" г. Сургут (Центральная городская библиотека им. А. С. Пушкина) |
| 969 |
Тип издания |
__ |
| a |
Тип издания |
сборник |
| 990 |
Данные о заказе (DOS) |
__ |
| j |
Количество экземпляров (DOS) |
2 |